Villes ayant accueilli une finale de Ligue Europa - Statistiques

Statistiques générales
  • Ce quiz a été pris 67 fois
  • Le résultat moyen est 22 sur 26
Statistiques - réponses
Pays Ville % Correct
Pays Bas Amsterdam
100%
France Décines-Charpieu
100%
Espagne Seville
100%
Russie Moscou
98%
France Paris
98%
Roumanie Bucarest
96%
Irlande Dublin
96%
Hongrie Budapest
95%
Turquie Istanbul
95%
Portugal Lisbonne
95%
Pays Bas Rotterdam
95%
Espagne Bilbao
93%
Danemark Copenhague
93%
Ecosse Glasgow
93%
Italie Turin
93%
Pologne Varsovie
93%
Angleterre Manchester
89%
Azerbaidjan Bakou
86%
Suisse Bale
82%
Allemagne Hambourg
79%
Allemagne Dortmund
70%
Pays Bas Eindhoven
68%
Allemagne Cologne
55%
Suede Goteborg
55%
Pologne Gdansk
43%
Suede Solna
32%
Aucun quiz correspondant
Distribution des résultats
% des personnes avec chaque résultat
Percentile par nombre de réponses
Votre historique - résultats
Vous n’avez pas pris ce quiz